Conflict prevention management and resolution in Africa. an introduction

Spremljeno u:
Bibliografski detalji
Glavni autor: CHUKWUNARU, Charles Obinna
Format: Knjiga
Jezik:engleski
Izdano: Ahmadu Bello University Press 2017
Oznake: Dodaj oznaku
Bez oznaka, Budi prvi tko označuje ovaj zapis!

MARC

LEADER 00000nam a22000007a 4500
008 210803b ||||| |||| 00| 0 eng d
020 |a 9788536581 
100 |a CHUKWUNARU, Charles Obinna 
245 |a Conflict prevention management and resolution in Africa.  |b an introduction  |c Charles Obinna Chukwunaru  |g xvi,158p;ill 
260 |b Ahmadu Bello University Press  |c 2017  |h Zaria, Nigeria  |i 695915  |i 695916  |l HM1126.A35C47  |m Conflict management - Africa  |m Africa- Politics and government  |m Politics and government 
500 |a it includes references and index 
942 |a lcc  |c BK  |e JOHNSON  |f 03/08/21 
952 |0 0  |1 0  |2 lcc  |4 0  |6 HM1126 A35 C47  |7 0  |9 2932  |a SSL  |b HOL  |d 2021-08-03  |o HM1126.A35C47  |p 2021-66608  |r 2021-08-03 00:00:00  |w 2021-08-03  |y BK 
952 |0 0  |1 0  |2 lcc  |4 0  |6 HM1126 A35 C47  |7 0  |9 2933  |a HOL  |b HOL  |d 2021-08-03  |l 0  |o HM1126.A35C47  |p 2021-66609  |r 2021-08-03 00:00:00  |w 2021-08-03  |y BK 
999 |c 1486  |d 1486